000 00755nmc a2200277 a 4500
003 AR-BaBNM
005 20251128202750.0
008 237019s1961 ||||||||||||||000 | spa||
040 _cAR-BaBNM
100 1 _aGarcía, Juan Agustín
_d1862-1923
245 1 0 _aMemorias de un sacristán ;
_bLa Chepa Leona
260 _aBuenos Aires
_bEudeba
_c1961
300 0 _a143 p.
_bil.
490 0 _aSerie del siglo y medio
_vv. 27
650 4 _aLITERATURA ARGENTINA
650 4 _aHISTORIA ARGENTINA
650 4 _aCUENTOS
650 4 _aCATOLICISMO
650 4 _aPRACTICA RELIGIOSA
653 0 _aNARRATIVA
655 _aLITERATURA
700 1 _aBinayan, Narciso
_eprologuista
700 1 _aUrruchúa, Demetrio
_eilustrador
942 _cBK
998 _cMARTIN
999 _c461
_d461